000 00465nam a22001697a 4500
003 OSt
005 20221031173615.0
008 221031b |||||||| |||| 00| 0 eng d
040 _cBiblioteca Lado V
082 _2750
_aN136p
110 _aNADIEOPINA
_eautor
245 _aPure white | Art | Sale/
260 _aColombia
_bEstudio CMYK
_c2000
300 _a80p.
_c21X26cm
700 _aMunro, Will
_econcepto
942 _2ddc
_c1
_h750
_iN136p
_n0
999 _c2440
_d2440